000 00431nam a2200157Ia 4500
005 20250423100600.0
008 250422s9999 xx 000 0 und d
020 _a9781959025009
050 _aTN 871 .P67/
100 _aPoston, Steven W.
245 0 _aPractical Aspects of Waterflooding
260 _bSociety of Petroleum Engineers
260 _c2023
650 _aOil field flooding. Oil reservoir engineering.
942 _cBK
999 _c33741
_d33741